000 00715nab a22002297a 4500
001 22474
003 HDC
007 cr bn ---aaaaa
008 210128c20171101my ||||| |||| 00| 0 eng d
040 _aHDC
245 0 _aTifa to help enhance Malaysia-US ties
336 _atext
_2rdacontent
337 _acomputer
_2rdamedia
338 _aonline resource
_2rdacarrier
650 _aDiplomatic relationship
_916978
650 _aEconomic
_9313
710 _aNew Straits Times
856 _zRequest full-text at [email protected]
942 _2lcc
942 _cNEWS
942 _kNWSC 006607
999 _c19790
_d19790